00000000nas 2200000zi 4500
0019.939848
003CaOODSP
00520250616105559
006m     o  d f      
007cr bn ||||||||
008240626c20239999oncar p o    f0###b0fre|d
022 |a2819-2869
040 |aCaOODSP|bfre|erda|cCaOODSP
043 |an-cn---
0861 |aA99-2/6F-PDF
1102 |aConseil des produits agricoles du Canada.|eauteur, |eorganisme de publication.
222 0|aPlan d'accessibilité, rapport d'étape |b(Conseil des produits agricoles du Canada)
24510|aPlan d'accessibilité, rapport d'étape / |cConseil des produits agricoles du Canada.
264 1|aOttawa, Ontario : |bConseil des produits agricoles du Canada = Farm Products Council of Canada, |c[2024]-
310 |aAnnuel
336 |atexte|btxt|2rdacontent/fre
337 |ainformatique|bc|2rdamedia/fre
338 |aressource en ligne|bcr|2rdacarrier/fre
3621 |aParaît depuis : 2023.
500 |aPublié aussi en anglais sous le titre : Accessibility plan, progress report.
588 |aDescription d'après : 2023; titre de la page couverture du fichier PDF.
588 |aDernière livraison consultée : 2024.
61026|aConseil des produits agricoles du Canada|vPériodiques.
650 6|aAccessibilité aux personnes handicapées|zCanada|xPlanification|vPériodiques.
650 6|aPersonnes handicapées|xPolitique gouvernementale|zCanada|vPériodiques.
655 7|aPériodiques|2rvmgf
77508|tAccessibility plan, progress report / |w(CaOODSP)9.939849